The politics of warfare the great powers in the 20th century
Saved in:
| Main Author: | |
|---|---|
| Format: | Book |
| Tags: |
Add Tag
No Tags, Be the first to tag this record!
|
| Call Number : |
MARC
| LEADER | 00000pam a2200000 4500 | ||
|---|---|---|---|
| 001 | 20766 | ||
| 003 | MY-KLNDU | ||
| 005 | 20241218080517.0 | ||
| 020 | 0 | 0 | |a 9780756760755 |
| 035 | |a 0000032623 | ||
| 039 | 9 | |a 201209071625 |b azraai |c 200911181137 |d VLOAD |c 200911181128 |d VLOAD |y 200910091659 |z VLOAD | |
| 100 | 0 | 0 | |a Cimbala |
| 245 | 0 | 4 | |a The politics of warfare |b the great powers in the 20th century |
| 591 | |a 0000003902 |b 09/09/08 |c 0198-07 |d 1 |e RM72 |f 1 |g 72 |h Pustaka Darul Warisan Sdn. Bhd. | ||
| 591 | |a 0000003209 |b 20/08/08 |c 0200-07 |d 1 |e USD20 |f 3.34 |g 66.83 |h Pustaka Darul Warisan Sdn. Bhd. | ||
| 999 | |a vtls000030356 |c 20766 |d 20766 | ||


